[Event "World School-ch U17 5th"]
[Site "Thessaloniki"]
[Date "2009.05.01"]
[Round "6"]
[White "Gradevska, Desislava"]
[Black "Espinoza Palomino, Willyam"]
[Result "0-1"]
[WhiteElo "1742"]
[BlackElo "2281"]
[PlyCount "74"]
[EventDate "2009.04.27"]
[EventType "swiss"]
[EventRounds "9"]
[EventCountry "GRE"]
[SourceTitle "CBM 130 Extra"]
[Source "ChessBase"]
[SourceDate "2009.07.02"]
[SourceVersion "2"]
[SourceVersionDate "2009.07.15"]
[SourceQuality "1"]

1. d4 d5 2. c4 c6 3. Nc3 Nf6 4. Nf3 e6 5. e3 Nbd7 6. a4 Bd6 7. c5 Bb8 8. Bd3 e5 9. dxe5 Nxe5 10. Nxe5 Bxe5 11. Qc2 0-0 12. 0-0 Qe7 13. f4 Bb8 14. Ne2 a5 15. Bd2 Ba7 16. Rac1 b6 17. Nd4 Bd7 18. cxb6 Bxb6 19. Rf3 c5 20. Nf5 Qe6 21. Rg3 g6 22. Nh6+ Kg7 23. f5 Qe8 24. fxg6 fxg6 25. Nf5+ Bxf5 26. Bxf5 Bc7 27. Rg5 Qe5 28. Rg3 Nh5 29. Bc3 d4 30. exd4 Qxf5 31. dxc5+ Kg8 32. Qb3+ Qf7 33. Qd1 Qf2+ 34. Kh1 Nxg3+ 35. hxg3 Rf5 36. Qb3+ Kf8 37. g4 Qh4+ 0-1

[Event "BUL-ch U20 Girls"]
[Site "Sofia"]
[Date "2009.03.14"]
[Round "6"]
[White "Gradevska, Desislava"]
[Black "Hristova, Hristina"]
[Result "1-0"]
[WhiteElo "1721"]
[BlackElo "1849"]
[PlyCount "53"]
[EventDate "2009.03.09"]
[EventType "swiss"]
[EventRounds "7"]
[EventCountry "BUL"]
[SourceTitle "CBM 129 Extra"]
[Source "ChessBase"]
[SourceDate "2009.05.05"]
[SourceVersion "2"]
[SourceVersionDate "2009.05.20"]
[SourceQuality "1"]

1. d4 Nf6 2. c4 g6 3. Nc3 Bg7 4. e4 d6 5. f4 e5 6. Nf3 exd4 7. Nxd4 Bg4 8. Qb3 Nxe4 9. Qxb7 Qh4+ 10. g3 Nxg3 11. hxg3 Qxg3+ 12. Kd2 Qxf4+ 13. Kc2 Qxd4 14. Bd3 Qf2+ 15. Bd2 0-0 16. Raf1 Qb6 17. Qg2 Nc6 18. Bxg6 fxg6 19. Qxg4 Ne5 20. Qh3 h5 21. Qe6+ Kh7 22. Qd5 Rab8 23. b3 Rf2 24. Ne4 Rbf8 25. Ng5+ Kh8 26. Rxh5+ gxh5 27. Qe4 1-0

[Event "BUL-ch U20 Girls"]
[Site "Sofia"]
[Date "2009.03.12"]
[Round "4"]
[White "Gradevska, Desislava"]
[Black "Stefanova, Milena"]
[Result "0-1"]
[WhiteElo "1721"]
[BlackElo "2016"]
[PlyCount "102"]
[EventDate "2009.03.09"]
[EventType "swiss"]
[EventRounds "7"]
[EventCountry "BUL"]
[SourceTitle "CBM 129 Extra"]
[Source "ChessBase"]
[SourceDate "2009.05.05"]
[SourceVersion "2"]
[SourceVersionDate "2009.05.20"]
[SourceQuality "1"]

1. d4 d5 2. c4 e6 3. Nc3 Be7 4. Bf4 a6 5. c5 Nf6 6. e3 0-0 7. Nf3 b6 8. b4 Nh5 9. Bd3 Nxf4 10. exf4 a5 11. a3 axb4 12. axb4 Rxa1 13. Qxa1 Nc6 14. Qb1 Bf6 15. Ne2 bxc5 16. bxc5 h6 17. 0-0 Bd7 18. Ne5 Nxe5 19. fxe5 Be7 20. f4 f6 21. Ng3 fxe5 22. fxe5 Bg5 23. Bh7+ Kh8 24. Qd3 Rxf1+ 25. Nxf1 Bb5 26. Qxb5 Kxh7 27. Qd3+ Kg8 28. Qg6 Qe7 29. c6 Qf7 30. Qxf7+ Kxf7 31. g4 Ke7 32. Kf2 Kd8 33. Kf3 Kc8 34. Ng3 g6 35. Ne2 Bd2 36. h4 Kb8 37. Ng3 Ka7 38. Nf1 Bc1 39. Ne3 Bxe3 40. Kxe3 Kb6 41. Kd2 Kxc6 42. Kc3 Kb5 43. Kb3 c5 44. Kc3 c4 45. h5 gxh5 46. gxh5 Ka5 47. Kd2 Kb4 48. Kc2 c3 49. Kc1 Kc4 50. Kc2 Kxd4 51. Kd1 Ke3 0-1

[Event "BUL-ch U20 Girls"]
[Site "Sofia"]
[Date "2009.03.11"]
[Round "3"]
[White "Naydenova, Yordanka"]
[Black "Gradevska, Desislava"]
[Result "0-1"]
[WhiteElo "1789"]
[BlackElo "1721"]
[PlyCount "66"]
[EventDate "2009.03.09"]
[EventType "swiss"]
[EventRounds "7"]
[EventCountry "BUL"]
[SourceTitle "CBM 129 Extra"]
[Source "ChessBase"]
[SourceDate "2009.05.05"]
[SourceVersion "2"]
[SourceVersionDate "2009.05.20"]
[SourceQuality "1"]

1. e4 c5 2. Nc3 Nc6 3. g3 g6 4. Bg2 Bg7 5. Nge2 e6 6. d3 Nge7 7. Be3 d6 8. Qd2 Nd4 9. h4 0-0 10. h5 Nxe2 11. Kxe2 d5 12. Bxc5 b6 13. Ba3 dxe4 14. Bxe4 Rb8 15. hxg6 fxg6 16. Qg5 Bf6 17. Qh6 Rf7 18. Bxe7 Qxe7 19. Rh2 Bg5 20. Qh3 e5 21. Qg2 Bg4+ 22. f3 Be6 23. Rah1 Rbf8 24. Bxg6 Rxf3 25. Bxh7+ Kg7 26. Qxf3 Rxf3 27. Kxf3 Qf6+ 28. Ke2 Bg4+ 29. Ke1 Qf3 30. Ne2 Qe3 31. Be4 Qd2+ 32. Kf1 Qd1+ 33. Kf2 Qxe2+ 0-1

[Event "BUL-ch (Women)"]
[Site "Dupnitsa"]
[Date "2009.02.17"]
[Round "6"]
[White "Gradevska, Desislava"]
[Black "Videnova, Iva"]
[Result "0-1"]
[WhiteElo "1721"]
[BlackElo "2193"]
[PlyCount "86"]
[EventDate "2009.02.12"]
[EventType "tourn"]
[EventRounds "11"]
[EventCountry "BUL"]
[EventCategory "2"]
[SourceTitle "CBM 128 Extra"]
[Source "ChessBase"]
[SourceDate "2009.03.05"]
[SourceVersion "2"]
[SourceVersionDate "2009.03.25"]
[SourceQuality "1"]

1. d4 Nf6 2. c4 e6 3. Nc3 Bb4 4. e3 0-0 5. Nge2 d5 6. cxd5 exd5 7. a3 Bd6 8. g3 c6 9. Bg2 Re8 10. 0-0 Nbd7 11. Qc2 Nf8 12. Na4 Ne4 13. Nc5 Bxc5 14. dxc5 a5 15. Rb1 Bf5 16. Nd4 Bg6 17. f4 a4 18. f5 Bh5 19. b4 axb3 20. Nxb3 Nd7 21. Rf4 g5 22. Rf1 Qe7 23. Nd4 Nexc5 24. f6 Qd8 25. Rf5 Bg6 26. Bb2 Bxf5 27. Nxf5 Ne4 28. Bxe4 Rxe4 29. Nh6+ Kf8 30. Qf2 Qb6 31. Re1 Rae8 32. Nf5 Ne5 33. Bd4 c5 34. Bxe5 R8xe5 35. h3 Qxf6 36. g4 d4 37. Qb2 Rxf5 38. gxf5 Qxf5 39. Qxb7 Rxe3 40. Qb8+ Kg7 41. Rf1 Qxh3 42. Rxf7+ Kxf7 43. Qb7+ Re7 0-1

[Event "BUL-ch (Women)"]
[Site "Dupnitsa"]
[Date "2009.02.14"]
[Round "2"]
[White "Gradevska, Desislava"]
[Black "Yordanova, Svetla"]
[Result "0-1"]
[WhiteElo "1721"]
[BlackElo "2202"]
[PlyCount "64"]
[EventDate "2009.02.12"]
[EventType "tourn"]
[EventRounds "11"]
[EventCountry "BUL"]
[EventCategory "2"]
[SourceTitle "CBM 128 Extra"]
[Source "ChessBase"]
[SourceDate "2009.03.05"]
[SourceVersion "2"]
[SourceVersionDate "2009.03.25"]
[SourceQuality "1"]

1. e4 e6 2. d3 d5 3. Nd2 c5 4. Ngf3 Nc6 5. Be2 Nf6 6. 0-0 Be7 7. c3 Qc7 8. Re1 b6 9. Qc2 Bb7 10. Bf1 0-0-0 11. e5 Nd7 12. d4 g5 13. h3 h5 14. Nb3 g4 15. Nh2 Rdg8 16. Bf4 gxh3 17. g3 h4 18. a4 hxg3 19. Bxg3 Bh4 20. Re3 f6 21. dxc5 bxc5 22. a5 Ncxe5 23. a6 Ba8 24. Na5 f5 25. Qa4 c4 26. Nb7 f4 27. Rxe5 fxg3 28. Bxh3 gxh2+ 29. Kh1 Bxf2 30. Bg2 Nxe5 31. Qb4 Nd3 32. Qb5 Rxg2 0-1

[Event "BUL-ch sf  (Women)"]
[Site "Plovdiv"]
[Date "2009.01.28"]
[Round "4"]
[White "Harizanova, Marina"]
[Black "Gradevska, Desislava"]
[Result "0-1"]
[WhiteElo "1679"]
[BlackElo "1721"]
[PlyCount "92"]
[EventDate "2009.01.25"]
[EventType "swiss"]
[EventRounds "7"]
[EventCountry "BUL"]
[SourceTitle "CBM 128 Extra"]
[Source "ChessBase"]
[SourceDate "2009.03.05"]
[SourceVersion "2"]
[SourceVersionDate "2009.03.25"]
[SourceQuality "1"]

1. c4 g6 2. Nc3 Bg7 3. g3 d6 4. Bg2 c5 5. d3 Nf6 6. Bd2 0-0 7. Qc1 Re8 8. Bh6 Bh8 9. h4 Nc6 10. h5 Ne5 11. f4 Neg4 12. hxg6 Nxh6 13. Rxh6 hxg6 14. Bf3 Bg7 15. Rh4 Rb8 16. Qd2 a6 17. g4 b5 18. Bc6 Bd7 19. cxb5 Bxc6 20. bxc6 Qc8 21. g5 Ng4 22. e4 Bd4 23. Nh3 Ne3 24. Rc1 Qxc6 25. Qh2 Qb6 26. b3 Qb4 27. Ke2 Qa3 28. Qh1 Qb2+ 29. Kf3 Bxc3 30. Rxc3 Qxc3 31. Kxe3 Qd4+ 32. Ke2 c4 33. Nf2 cxd3+ 34. Nxd3 Rbc8 35. Kd2 Rc3 36. Rh8+ Qxh8 37. Qxh8+ Kxh8 38. Kxc3 Rc8+ 39. Kd4 Kg7 40. Nb4 a5 41. Nd5 Kf8 42. Nb6 Rc2 43. a4 Rb2 44. Kc3 Rf2 45. Nd5 e6 46. Nf6 Rxf4 0-1

[Event "BUL-ch sf  (Women)"]
[Site "Plovdiv"]
[Date "2009.01.25"]
[Round "1"]
[White "Gradevska, Desislava"]
[Black "Vladimirova, Maria"]
[Result "0-1"]
[WhiteElo "1721"]
[BlackElo "2062"]
[PlyCount "80"]
[EventDate "2009.01.25"]
[EventType "swiss"]
[EventRounds "7"]
[EventCountry "BUL"]
[SourceTitle "CBM 128 Extra"]
[Source "ChessBase"]
[SourceDate "2009.03.05"]
[SourceVersion "2"]
[SourceVersionDate "2009.03.25"]
[SourceQuality "1"]

1. c4 c5 2. Nc3 Nf6 3. g3 d5 4. cxd5 Nxd5 5. Bg2 Nc7 6. d3 e5 7. Nf3 Nc6 8. 0-0 Be7 9. a3 0-0 10. Rb1 Ne6 11. Be3 Ned4 12. Bxd4 cxd4 13. Ne4 f5 14. Qb3+ Kh8 15. Ned2 Bf6 16. Qa2 Qe7 17. b4 e4 18. dxe4 fxe4 19. Ne1 Bf5 20. Qd5 Bg4 21. f3 exf3 22. Nexf3 Qe3+ 23. Kh1 Rad8 24. Qc4 Rfe8 25. b5 Na5 26. Qc7 Qc3 27. Qf4 Bxf3 28. Bxf3 Be5 29. Qg5 Qe3 30. Ne4 Nc4 31. Qh5 g6 32. Qh4 Rd7 33. Nc5 Rc7 34. Rb3 d3 35. Nxd3 Nd2 36. Nxe5 Qxe5 37. Re3 Qxe3 38. Qf6+ Rg7 39. Rc1 Nxf3 40. Rd1 Qxe2 0-1

[Event "BUL-chT2 (Women) 58th"]
[Site "Borovetz"]
[Date "2008.10.02"]
[Round "2.1"]
[White "Ivanova, Simoneta"]
[Black "Gradevska, Desislava"]
[Result "0-1"]
[WhiteElo "1678"]
[BlackElo "1718"]
[PlyCount "92"]
[EventDate "2008.10.01"]
[EventType "team-tourn"]
[EventRounds "5"]
[EventCountry "BUL"]
[SourceTitle "CBM 126 Extra"]
[Source "ChessBase"]
[SourceDate "2008.11.05"]
[SourceVersion "1"]
[SourceVersionDate "2008.11.05"]
[SourceQuality "1"]

1. d4 Nf6 2. Nf3 g6 3. c4 Bg7 4. Nc3 d6 5. e4 0-0 6. h3 c5 7. d5 e6 8. Be2 exd5 9. exd5 Re8 10. 0-0 Nbd7 11. Bg5 Qb6 12. Qc2 Ne5 13. Nxe5 Rxe5 14. Bf4 Re8 15. Bd3 Nd7 16. Nb5 Ne5 17. Rfe1 Bd7 18. Bxe5 Bxe5 19. Nc3 Qd8 20. Be4 Qg5 21. Qd3 Qf4 22. g3 Qh6 23. h4 f5 24. Bg2 g5 25. hxg5 Qxg5 26. Ne2 Qg4 27. Bf3 Qg5 28. Bg2 Qg7 29. Nc3 Kh8 30. Rab1 Rg8 31. Ne2 f4 32. b4 Raf8 33. bxc5 Bf5 34. Qb3 fxg3 35. fxg3 Bd4+ 36. Nxd4 Qxd4+ 37. Qe3 Qxe3+ 38. Rxe3 Bxb1 39. a3 dxc5 40. Bh3 Re8 41. Rb3 Re1+ 42. Kf2 Rh1 43. Be6 Rf8+ 44. Rf3 Rf1+ 45. Kxf1 Rxf3+ 46. Kg2 Rxa3 0-1

[Event "BUL-chT2 (Women) 58th"]
[Site "Borovetz"]
[Date "2008.10.01"]
[Round "1.1"]
[White "Gradevska, Desislava"]
[Black "Tomovska, Iliana"]
[Result "0-1"]
[WhiteElo "1718"]
[BlackElo "2052"]
[PlyCount "116"]
[EventDate "2008.10.01"]
[EventType "team-tourn"]
[EventRounds "5"]
[EventCountry "BUL"]
[SourceTitle "CBM 126 Extra"]
[Source "ChessBase"]
[SourceDate "2008.11.05"]
[SourceVersion "1"]
[SourceVersionDate "2008.11.05"]
[SourceQuality "1"]

1. c4 g6 2. Nc3 c5 3. g3 Bg7 4. Bg2 e6 5. d3 Nc6 6. Bf4 d6 7. Nf3 a6 8. 0-0 Nge7 9. Rb1 0-0 10. Ne4 e5 11. Bg5 f6 12. Bd2 Rb8 13. Nc3 b5 14. cxb5 axb5 15. Qb3+ Kh8 16. Nxb5 d5 17. Qa4 e4 18. Ne1 Bd7 19. Nc3 f5 20. Qc2 Nb4 21. Qc1 Qb6 22. a3 Na6 23. Bh6 d4 24. Bxg7+ Kxg7 25. Nd1 Qe6 26. Qc2 Bc6 27. e3 Bd5 28. dxe4 fxe4 29. exd4 cxd4 30. Kh1 e3 31. Qe2 Bxg2+ 32. Nxg2 Nd5 33. Re1 exf2 34. Nxf2 Qxe2 35. Rxe2 Nc3 36. Re7+ Kg8 37. Rf1 Rxb2 38. Nf4 Nc5 39. Ng4 Rbb8 40. Nh6+ Kh8 41. Rc7 Ne6 42. Nf7+ Rxf7 43. Rxf7 Nc5 44. Rc7 N3e4 45. Nd5 d3 46. Ne3 d2 47. Rff7 Ng5 48. Rf1 Nge4 49. Re7 Kg8 50. Kg2 Rb2 51. Kh3 Rb3 52. Ng4 Rb8 53. Kh4 Rd8 54. Rff7 g5+ 55. Kh5 d1Q 56. Kh6 Rd6+ 57. Kh5 Nf6+ 58. Kxg5 Qxg4+ 0-1

[Event "Teteven op 23rd"]
[Site "Teteven"]
[Date "2008.08.16"]
[Round "1"]
[White "Gradevska, Desislava"]
[Black "Karakehajov, Kalin"]
[Result "0-1"]
[WhiteElo "1711"]
[BlackElo "2453"]
[PlyCount "84"]
[EventDate "2008.08.16"]
[EventType "swiss"]
[EventRounds "9"]
[EventCountry "BUL"]
[SourceTitle "CBM 126 Extra"]
[Source "ChessBase"]
[SourceDate "2008.11.05"]
[SourceVersion "1"]
[SourceVersionDate "2008.11.05"]
[SourceQuality "1"]

1. c4 e6 2. Nc3 d5 3. e3 Nf6 4. Nf3 Be7 5. cxd5 exd5 6. Be2 0-0 7. 0-0 c6 8. b3 Re8 9. Bb2 Bd6 10. Rc1 Nbd7 11. d4 Nf8 12. Na4 Ng6 13. Nc5 Qe7 14. a4 Bf5 15. Ne5 Rab8 16. g4 Bc8 17. f4 Bxc5 18. Rxc5 Ne4 19. Rc2 f6 20. Nxg6 hxg6 21. f5 gxf5 22. gxf5 Nd6 23. Rf3 Bxf5 24. Bd3 Bxd3 25. Qxd3 Ne4 26. Rg2 b5 27. a5 Qb4 28. Qe2 Ng5 29. Rfg3 Re4 30. h4 Rxh4 31. Bc1 Re8 32. Qf1 Nh3+ 33. Rxh3 Rxh3 34. Bd2 Qe7 35. Qf5 Rh7 36. Rg4 Qd6 37. Rg2 Qe6 38. Qg6 Qe4 39. Qg3 Qh4 40. Qg6 Rxe3 41. Qf5 Re1+ 42. Bxe1 Qxe1+ 0-1